| 000 | 00522nam a22001577a 4500 | ||
|---|---|---|---|
| 003 | NUST | ||
| 038 | _aNusrat Nadeem | ||
| 082 | _a200 | ||
| 100 |
_a Zafar Asad Ullah _9130676 |
||
| 245 |
_aUnsupervised Scene Flow-Based Action Prediction Model for Autonomous Agents/ _c Asad Ullah Zafar, |
||
| 264 |
_aIslamabad: _bSEECS NUST. _c2025. |
||
| 650 |
_a MS-Electrical Engineering _923567 |
||
| 700 |
_aSupervisor: Dr. Latif Anjum _9120160 |
||
| 856 | _uhttp://10.250.8.41:8080/xmlui/handle/123456789/54988 | ||
| 942 |
_2ddc _cSC |
||
| 999 |
_c614845 _d614845 |
||